Reklama : jak dělat reklamu

Salvato in:
Dettagli Bibliografici
Autori principali: Vysekalová, Jitka (Autore), Mikeš, Jiří (Autore)
Natura: Libro
Lingua:ceco
Pubblicazione: Praha : Grada Publishing, 2010
Edizione:3. aktual. a dopl. vyd.
Soggetti:
Tags: Aggiungi Tag
Nessun Tag, puoi essere il primo ad aggiungerne!!

MARC

LEADER 00000nam a22000003a 4500
001 stu260782
005 20190206132506.8
008 130114s2010----xr------------------cze-d
020 |a 978-80-247-3492-7 
040 |a STU  |b slo 
041 0 |a cze 
044 |a xr 
080 |a 659 
100 1 |a Vysekalová, Jitka  |4 aut 
245 1 |a Reklama :  |b jak dělat reklamu 
250 |a 3. aktual. a dopl. vyd. 
260 |a Praha :  |b Grada Publishing,  |c 2010 
300 |a 208 s 
650 7 |a reklama  |2 stusub 
650 7 |a marketingová komunikácia  |2 stusub 
700 1 |a Mikeš, Jiří  |4 aut 
996 |b 284M084604  |c M*13398-2  |l MMKN  |s A  |a 24  |w stu260782_0001 
996 |b 284M084603  |c M*13398-1  |l MMKN  |s A  |a 24  |w stu260782_0002